[Event "DEN-ch"]
[Site "Tonder"]
[Date "1993.??.??"]
[Round "5"]
[White "Mortensen, Erling"]
[Black "Hansen, Lars Bo"]
[Result "1/2-1/2"]
[WhiteElo "2445"]
[BlackElo "2545"]
[PlyCount "121"]
[EventDate "1993.05.??"]
[EventType "tourn"]
[EventRounds "9"]
[EventCountry "DEN"]
[EventCategory "7"]
[Source "ChessBase"]
[SourceDate "1994.03.01"]

1. e4 d5 2. exd5 Qxd5 3. Nc3 Qa5 4. Bc4 Nf6 5. d3 c6 6. Bd2 Qc7 7. Qe2 g6 8.
Nf3 Bg7 9. O-O O-O 10. Rfe1 e6 11. a4 b6 12. d4 Nbd7 13. Bg5 Bb7 14. Rad1 Rfe8
15. Qd2 a6 16. Bf4 Qd8 17. Ng5 Ra7 18. Nce4 Nxe4 19. Nxe4 Ba8 20. Nd6 Rf8 21.
Ba2 Nf6 22. Nc4 Nd5 23. Be5 Rd7 24. Bxg7 Kxg7 25. Ne5 Rd6 26. Nc4 Rd7 27. Ne5
Rd6 28. b4 Nf6 29. Nc4 Rd7 30. Ne5 Rd6 31. Qc3 Kg8 32. Nc4 Rd7 33. Ne5 Rd6 34.
Rd3 Qe7 35. a5 bxa5 36. bxa5 Rb8 37. Qa3 Qd8 38. c3 c5 39. Nc4 Rd5 40. Nb6 Rg5
41. g3 Bb7 42. d5 Qd6 43. c4 Re5 44. Qc3 Rxe1+ 45. Qxe1 Nd7 46. Nxd7 Qxd7 47.
Qe5 Rc8 48. h4 exd5 49. cxd5 c4 50. Rd1 Qa4 51. Ra1 c3 52. h5 gxh5 53. Qg5+ Kh8
54. Qf6+ Kg8 55. Qg5+ Kh8 56. Qf6+ Kg8 57. d6 Qd7 58. Qg5+ Kh8 59. Qf6+ Kg8 60.
Qg5+ Kh8 61. Qf6+ 1/2-1/2

[Event "DEN-ch"]
[Site "Tonder"]
[Date "1993.??.??"]
[Round "9"]
[White "Mortensen, Erling"]
[Black "Danielsen, Henrik"]
[Result "1-0"]
[WhiteElo "2445"]
[BlackElo "2445"]
[PlyCount "68"]
[EventDate "1993.05.??"]
[EventType "tourn"]
[EventRounds "9"]
[EventCountry "DEN"]
[EventCategory "7"]
[Source "ChessBase"]
[SourceDate "1994.03.01"]

1. e4 e5 2. Nf3 Nf6 3. d4 Nxe4 4. Bd3 d5 5. Nxe5 Bd6 6. Nc3 Nxc3 7. bxc3 O-O 8.
O-O Nd7 9. Re1 Nxe5 10. dxe5 Bc5 11. Qh5 g6 12. Qh6 Re8 13. Bg5 Be7 14. Bf6 Bf8
15. Qh4 Qd7 16. Rab1 b6 17. Rb4 Bg7 18. Bxg7 Kxg7 19. Qf6+ Kg8 20. Bb5 Qe7 21.
Bxe8 Qxe8 22. h4 h5 23. Rf4 Be6 24. Qg5 Kg7 25. Re3 Qb5 26. Ref3 Qe8 27. Rf6 c5
28. Rg3 d4 29. cxd4 cxd4 30. Qxh5 Rc8 31. Qg5 Rc3 32. Rxc3 dxc3 33. h5 Qd7 34.
hxg6 Qd2 1-0

[Event "DEN-ch"]
[Site "Tonder"]
[Date "1993.??.??"]
[Round "9"]
[White "Nielsen, Peter Heine"]
[Black "Hansen, Sune Berg"]
[Result "1/2-1/2"]
[WhiteElo "2440"]
[BlackElo "2405"]
[PlyCount "139"]
[EventDate "1993.05.??"]
[EventType "tourn"]
[EventRounds "9"]
[EventCountry "DEN"]
[EventCategory "7"]
[Source "ChessBase"]
[SourceDate "1994.03.01"]

1. e4 c5 2. Nf3 d6 3. d4 cxd4 4. Nxd4 Nf6 5. Nc3 g6 6. Be3 Bg7 7. Be2 O-O 8.
O-O Nc6 9. Qd2 Bd7 10. Rad1 Nxd4 11. Bxd4 Bc6 12. f3 e6 13. Kh1 Re8 14. a4 a6
15. b4 b6 16. Qe3 Rb8 17. Qf2 b5 18. axb5 axb5 19. Ra1 Re7 20. Rfd1 Reb7 21.
Ra6 Qe8 22. Qh4 e5 23. Be3 Bf8 24. Bh6 Bxh6 25. Rxd6 Nh5 26. Rdxc6 Rc8 27. Rxc8
Qxc8 28. Qe1 Rc7 29. Nd5 Qxa6 30. Nxc7 Qc6 31. Nxb5 Qxc2 32. Na3 Qa2 33. Nc4
Nf4 34. Bf1 Nxg2 35. Qe2 Qxe2 36. Bxe2 Nf4 37. Bf1 f6 38. b5 Ne6 39. b6 Nd8 40.
Bh3 Nc6 41. b7 Bf8 42. Be6+ Kg7 43. Kg2 Bc5 44. Kf1 Kf8 45. Bd5 Nb8 46. Ke2 Ke7
47. Kd3 Kd7 48. Na5 Bb6 49. Nb3 Kc7 50. Kc4 Ba7 51. Kb5 Bf2 52. Na5 g5 53. Nc4
h5 54. h3 h4 55. Na3 Nd7 56. Kc4 Nb6+ 57. Kd3 Nxd5 58. exd5 f5 59. Ke2 Bg3 60.
Nb5+ Kxb7 61. Nd6+ Kb6 62. Nxf5 Kc5 63. d6 Kc6 64. Ke3 Bh2 65. Ke4 Bf4 66. Kd3
Bc1 67. Ke4 Bf4 68. d7 Kxd7 69. Kd5 Bg3 70. Ne3 1/2-1/2

[Event "DEN-ch"]
[Site "Tonder"]
[Date "1993.??.??"]
[Round "1"]
[White "Nielsen, Peter Heine"]
[Black "Schandorff, Lars"]
[Result "1-0"]
[WhiteElo "2440"]
[BlackElo "2420"]
[PlyCount "61"]
[EventDate "1993.05.??"]
[EventType "tourn"]
[EventRounds "9"]
[EventCountry "DEN"]
[EventCategory "7"]
[Source "ChessBase"]
[SourceDate "1994.03.01"]

1. e4 e5 2. Nf3 Nc6 3. Bb5 a6 4. Ba4 Nf6 5. O-O Be7 6. Re1 b5 7. Bb3 d6 8. c3
O-O 9. h3 Be6 10. d4 Bxb3 11. axb3 exd4 12. cxd4 d5 13. e5 Ne4 14. Nc3 f5 15.
exf6 Nxf6 16. Bg5 h6 17. Ne5 Nxe5 18. Bxf6 Ng6 19. Bxe7 Nxe7 20. Qg4 c6 21. Re6
Kh7 22. Rae1 Ra7 23. R1e5 Rf7 24. Nd1 Qf8 25. Qe2 Rc7 26. g3 Kh8 27. Ne3 Rf6
28. Ng4 Rf7 29. Rh5 Kg8 30. Nxh6+ gxh6 31. Rexh6 1-0

[Event "DEN-ch"]
[Site "Tonder"]
[Date "1993.??.??"]
[Round "7"]
[White "Nielsen, Peter Heine"]
[Black "Danielsen, Henrik"]
[Result "1/2-1/2"]
[WhiteElo "2440"]
[BlackElo "2445"]
[PlyCount "31"]
[EventDate "1993.05.??"]
[EventType "tourn"]
[EventRounds "9"]
[EventCountry "DEN"]
[EventCategory "7"]
[Source "ChessBase"]
[SourceDate "1994.03.01"]

1. e4 e5 2. Nf3 Nc6 3. Bb5 Nge7 4. O-O g6 5. c3 Bg7 6. d4 exd4 7. cxd4 d5 8.
exd5 Nxd5 9. Bg5 Qd6 10. Re1+ Be6 11. Nc3 Nxc3 12. bxc3 O-O 13. Qd2 a6 14. Bf4
Qd7 15. Bd3 Bd5 16. Ne5 1/2-1/2

[Event "DEN-ch"]
[Site "Tonder"]
[Date "1993.??.??"]
[Round "8"]
[White "Rasmussen, Karsten"]
[Black "Nielsen, Peter Heine"]
[Result "1/2-1/2"]
[WhiteElo "2440"]
[BlackElo "2440"]
[PlyCount "28"]
[EventDate "1993.05.??"]
[EventType "tourn"]
[EventRounds "9"]
[EventCountry "DEN"]
[EventCategory "7"]
[Source "ChessBase"]
[SourceDate "1994.03.01"]

1. c4 c5 2. g3 g6 3. Bg2 Bg7 4. Nc3 Nc6 5. e3 e6 6. Nge2 Nge7 7. d4 cxd4 8.
Nxd4 Nxd4 9. exd4 d5 10. cxd5 Nxd5 11. Nxd5 exd5 12. O-O O-O 13. Be3 Be6 14.
Qb3 Qd7 1/2-1/2

[Event "DEN-ch"]
[Site "Tonder"]
[Date "1993.??.??"]
[Round "5"]
[White "Rasmussen, Karsten"]
[Black "Kristiansen, Jens"]
[Result "1/2-1/2"]
[WhiteElo "2440"]
[BlackElo "2415"]
[PlyCount "97"]
[EventDate "1993.05.??"]
[EventType "tourn"]
[EventRounds "9"]
[EventCountry "DEN"]
[EventCategory "7"]
[Source "ChessBase"]
[SourceDate "1994.03.01"]

1. e4 c5 2. Nf3 e6 3. d4 cxd4 4. Nxd4 Nf6 5. Nc3 d6 6. g4 h6 7. g5 hxg5 8. Bxg5
Nc6 9. Qd2 Bd7 10. O-O-O Nxd4 11. Qxd4 Qa5 12. f4 Rc8 13. e5 dxe5 14. fxe5 Rxc3
15. Bd2 Qxa2 16. Bxc3 g6 17. b4 Nd5 18. Bc4 Bh6+ 19. Bd2 Qa3+ 20. Qb2 Qxb2+ 21.
Kxb2 Nb6 22. Bb3 Bg7 23. Rhe1 Rxh2 24. c4 Bc6 25. Kc3 Rh3+ 26. Kc2 Rxb3 27.
Kxb3 Ba4+ 28. Kc3 Bxd1 29. Rxd1 Bxe5+ 30. Kd3 a6 31. Rb1 Nd7 32. c5 Bc7 33. Bc3
Ke7 34. Kc4 g5 35. b5 axb5+ 36. Rxb5 b6 37. c6 Nb8 38. Rxg5 Nxc6 39. Kb5 Nd8
40. Bd4 Bf4 41. Rg8 e5 42. Bxb6 Ne6 43. Kc4 Kf6 44. Kd3 Kf5 45. Ra8 Bg5 46. Be3
Bd8 47. Ra4 Bc7 48. Rc4 Bd6 49. Rh4 1/2-1/2

[Event "DEN-ch"]
[Site "Tonder"]
[Date "1993.??.??"]
[Round "1"]
[White "Rasmussen, Karsten"]
[Black "Mortensen, Erling"]
[Result "1-0"]
[WhiteElo "2440"]
[BlackElo "2445"]
[PlyCount "77"]
[EventDate "1993.05.??"]
[EventType "tourn"]
[EventRounds "9"]
[EventCountry "DEN"]
[EventCategory "7"]
[Source "ChessBase"]
[SourceDate "1994.03.01"]

1. Nf3 Nf6 2. d4 g6 3. Bg5 Ne4 4. Bh4 Bg7 5. Nbd2 d5 6. e3 c5 7. c3 f5 8. Ne5
Nc6 9. Nxe4 fxe4 10. Bb5 Qb6 11. Qb3 Bxe5 12. dxe5 Be6 13. O-O a6 14. Bxc6+
Qxc6 15. Qa3 h6 16. f4 exf3 17. Rxf3 g5 18. Bf2 Rc8 19. Qb3 Bg4 20. Rg3 Bf5 21.
c4 dxc4 22. Qxc4 b5 23. Qe2 Rg8 24. e4 Qxe4 25. Qh5+ Rg6 26. Re1 Qc2 27. h4 Kd7
28. Qf3 Be6 29. h5 Rgg8 30. Qb7+ Rc7 31. Qxa6 Rb8 32. Rc3 Qd2 33. Rcc1 Bg4 34.
Qxh6 Rc6 35. Qh7 Rf8 36. Be3 Qd5 37. Qc2 c4 38. Rcd1 Bxd1 39. Rxd1 1-0

[Event "DEN-ch"]
[Site "Tonder"]
[Date "1993.??.??"]
[Round "7"]
[White "Rasmussen, Karsten"]
[Black "Hansen, Sune Berg"]
[Result "1-0"]
[WhiteElo "2440"]
[BlackElo "2405"]
[PlyCount "115"]
[EventDate "1993.05.??"]
[EventType "tourn"]
[EventRounds "9"]
[EventCountry "DEN"]
[EventCategory "7"]
[Source "ChessBase"]
[SourceDate "1994.03.01"]

1. e4 c5 2. c3 e6 3. d4 d5 4. exd5 exd5 5. Nf3 Nc6 6. Be2 Bd6 7. dxc5 Bxc5 8.
O-O Nge7 9. Bg5 O-O 10. Nbd2 Bb6 11. Nb3 h6 12. Bf4 Nf5 13. Bd3 Qf6 14. Qc1 Re8
15. a4 a6 16. Re1 Bd7 17. Qd2 Ba7 18. Bc2 Be6 19. Qd3 g6 20. Ne5 Nd6 21. Qg3
Ne4 22. Bxe4 dxe4 23. Nxc6 bxc6 24. Nd4 Bxd4 25. cxd4 Qxd4 26. Be5 Qd8 27. h4
Bd5 28. Bc3 Kh7 29. Qf4 Qd7 30. Bd2 Rh8 31. Qxh6+ Kg8 32. Qf4 Qf5 33. Qg3 Re8
34. Ra3 Rh5 35. Bg5 f6 36. Rf3 exf3 37. Rxe8+ Kf7 38. Rd8 Qe5 39. Qxe5 fxe5 40.
g4 Rh7 41. Rd7+ Kg8 42. Rd8+ Kf7 43. Rd7+ Kg8 44. Rd8+ Kf7 45. Kh2 Ke6 46. Rg8
Kf7 47. Rb8 Ke6 48. Kg3 Kd6 49. a5 e4 50. Rb6 Bc4 51. Kf4 Bd3 52. Rb8 Kc5 53.
Ke3 Rd7 54. h5 gxh5 55. gxh5 Bc2 56. Rd8 Rd5 57. Rxd5+ cxd5 58. Bf6 1-0

[Event "DEN-ch"]
[Site "Tonder"]
[Date "1993.??.??"]
[Round "3"]
[White "Rasmussen, Karsten"]
[Black "Aagaard, Jacob"]
[Result "1/2-1/2"]
[WhiteElo "2440"]
[BlackElo "2240"]
[PlyCount "25"]
[EventDate "1993.05.??"]
[EventType "tourn"]
[EventRounds "9"]
[EventCountry "DEN"]
[EventCategory "7"]
[Source "ChessBase"]
[SourceDate "1994.03.01"]

1. c4 f5 2. g3 Nf6 3. Bg2 g6 4. Nc3 Bg7 5. d3 d6 6. e3 O-O 7. Nge2 c5 8. a3 Nc6
9. Rb1 a5 10. O-O e5 11. b3 Be6 12. d4 Bf7 13. Nb5 1/2-1/2

[Event "DEN-ch"]
[Site "Tonder"]
[Date "1993.??.??"]
[Round "7"]
[White "Schandorff, Lars"]
[Black "Kristiansen, Jens"]
[Result "1/2-1/2"]
[WhiteElo "2420"]
[BlackElo "2415"]
[PlyCount "88"]
[EventDate "1993.05.??"]
[EventType "tourn"]
[EventRounds "9"]
[EventCountry "DEN"]
[EventCategory "7"]
[Source "ChessBase"]
[SourceDate "1994.03.01"]

1. e4 c5 2. Nf3 Nc6 3. d4 cxd4 4. Nxd4 Nf6 5. Nc3 d6 6. Bc4 Qb6 7. Nb3 e6 8.
O-O Be7 9. Be3 Qc7 10. f4 a6 11. Bd3 b5 12. a3 Bb7 13. Qf3 Na5 14. Nxa5 Qxa5
15. Qg3 g6 16. e5 Nh5 17. Qf2 Qc7 18. exd6 Bxd6 19. Ne4 Bxe4 20. Bxe4 Rc8 21.
Qf3 O-O 22. a4 Nf6 23. Bd3 Nd5 24. Bd2 bxa4 25. Rxa4 Qb6+ 26. Kh1 Qxb2 27. Rxa6
Bb4 28. Bc1 Qd4 29. g3 Bc3 30. Rd1 Qc5 31. Ba3 Bb4 32. Bc1 Rfd8 33. g4 Bc3 34.
f5 exf5 35. gxf5 Nb4 36. Ba3 Qe5 37. fxg6 hxg6 38. Ra7 Rc7 39. Rxc7 Qxc7 40.
Bxb4 Bxb4 41. Be4 Rf8 42. Qg3 Qb6 43. Bd5 Qf6 44. Qf3 Qxf3+ 1/2-1/2

[Event "DEN-ch"]
[Site "Tonder"]
[Date "1993.??.??"]
[Round "5"]
[White "Schandorff, Lars"]
[Black "Aagaard, Jacob"]
[Result "1/2-1/2"]
[WhiteElo "2420"]
[BlackElo "2240"]
[PlyCount "46"]
[EventDate "1993.05.??"]
[EventType "tourn"]
[EventRounds "9"]
[EventCountry "DEN"]
[EventCategory "7"]
[Source "ChessBase"]
[SourceDate "1994.03.01"]

1. d4 Nf6 2. c4 g6 3. Nc3 Bg7 4. e4 d6 5. Be2 O-O 6. Bg5 h6 7. Be3 Nbd7 8. Qd2
c5 9. dxc5 Nxc5 10. f3 Kh7 11. O-O-O Qa5 12. Kb1 b5 13. cxb5 Be6 14. Bxc5 dxc5
15. Nd5 Qa4 16. Qc2 Qxc2+ 17. Kxc2 Nxd5 18. exd5 Bf5+ 19. Bd3 Bxd3+ 20. Rxd3
Rab8 21. Ne2 c4 22. Rd2 Rxb5 23. Nc3 Rb4 1/2-1/2

[Event "DEN-ch"]
[Site "Tonder"]
[Date "1993.??.??"]
[Round "8"]
[White "Schandorff, Lars"]
[Black "Rasmussen, Karsten"]
[Result "0-1"]
[WhiteElo "2420"]
[BlackElo "2440"]
[PlyCount "80"]
[EventDate "1993.05.??"]
[EventType "tourn"]
[EventRounds "9"]
[EventCountry "DEN"]
[EventCategory "7"]
[Source "ChessBase"]
[SourceDate "1994.03.01"]

1. e4 c6 2. d4 d5 3. Nd2 dxe4 4. Nxe4 Bf5 5. Ng3 Bg6 6. h4 h6 7. f4 e6 8. Nf3
Nf6 9. Ne5 Bh7 10. c3 Nbd7 11. Bc4 Nb6 12. Bb3 Bd6 13. O-O Ne4 14. Qg4 Nxg3 15.
Nxf7 Bf5 16. Nxd6+ Qxd6 17. Qxg3 O-O-O 18. Qf3 Nd5 19. Bd2 Nf6 20. Rfe1 Ng4 21.
Re2 g5 22. Rae1 Rde8 23. Kh1 gxh4 24. d5 Nf6 25. dxc6 Bg4 26. cxb7+ Kb8 27. Qe3
Bxe2 28. Rxe2 Nh5 29. Rf2 Rhg8 30. Bd1 Ng3+ 31. Kg1 h3 32. c4 Rd8 33. c5 Qd4
34. Bc2 Qxe3 35. Bxe3 Kxb7 36. b4 Nf5 37. Be4+ Kc7 38. Bd2 Rd4 39. Bf3 Nh4 40.
Kh2 hxg2 0-1

[Event "DEN-ch"]
[Site "Tonder"]
[Date "1993.??.??"]
[Round "3"]
[White "Schandorff, Lars"]
[Black "Mortensen, Erling"]
[Result "1-0"]
[WhiteElo "2420"]
[BlackElo "2445"]
[PlyCount "73"]
[EventDate "1993.05.??"]
[EventType "tourn"]
[EventRounds "9"]
[EventCountry "DEN"]
[EventCategory "7"]
[Source "ChessBase"]
[SourceDate "1994.03.01"]

1. d4 Nf6 2. c4 g6 3. Nc3 Bg7 4. e4 d6 5. Be2 O-O 6. Bg5 c5 7. dxc5 Qa5 8. Bd2
Qxc5 9. Nf3 Bg4 10. Be3 Qa5 11. O-O Nc6 12. Nd2 Bxe2 13. Qxe2 Rfc8 14. a3 Nd7
15. Rac1 Qd8 16. f4 Nc5 17. b4 Nd4 18. Bxd4 Bxd4+ 19. Kh1 Nd7 20. Nf3 Bxc3 21.
Rxc3 a5 22. e5 axb4 23. axb4 Nf8 24. f5 dxe5 25. Nxe5 f6 26. Ng4 Rc7 27. Ne3
Rd7 28. Nd5 gxf5 29. Qf2 Kh8 30. Qxf5 b5 31. Ne3 bxc4 32. Rxc4 Rd3 33. Re4 Ng6
34. h3 Rd4 35. Rc1 Rb8 36. Rxd4 Qxd4 37. Rc8+ 1-0